RTP : audio and video for the Internet
Αποθηκεύτηκε σε:
| Κύριος συγγραφέας: | |
|---|---|
| Μορφή: | Βιβλίο |
| Γλώσσα: | English |
| Δημοσίευση: |
Boston :
Addison-Wesley,
c2003
|
| Θέματα: | |
| Ετικέτες: |
Προσθήκη ετικέτας
Δεν υπάρχουν, Καταχωρήστε ετικέτα πρώτοι!
|
MARC
| LEADER | 00000nam a2200000 i 4500 | ||
|---|---|---|---|
| 001 | 1/51074 | ||
| 008 | 070807s2003 eng d | ||
| 020 | |a 0-672-32249-8 | ||
| 035 | |l 10089623 | ||
| 040 | |a GR-MY-UA |b gre |e aacr | ||
| 041 | 0 | |a eng | |
| 082 | 0 | |a 621.385 |2 (22) | |
| 100 | 1 | |a Perkins, Colin. | |
| 245 | 1 | 0 | |a RTP : |b audio and video for the Internet / |c Colin Perkins |
| 260 | |a Boston : |b Addison-Wesley, |c c2003 | ||
| 300 | |a xvii, 414 σ.; |b εικ.; |c 24 εκ. | ||
| 504 | |a Περιλαμβάνει βιβλιογραφικές παραπομπές (σ. 385-396) και ευρετήριο | ||
| 650 | 0 | 0 | |a Webcasting |x Standards. |
| 650 | 0 | 0 | |a Computer network protocols. |
| 650 | 0 | 0 | |a Data transmission systems. |
| 650 | 0 | 0 | |a Real-time data processing. |
| 650 | 0 | 0 | |a Multimedia systems. |
| 852 | |a INST |b SAMOS |e 20070807 |h 621.385 PER |p 005300025549 |q 005300025549 |t BK |y 0 | ||
| 901 | |a BIBL3-2007-2 | ||
| 909 | |a Σ |b 137296 | ||
| 922 | |a 3ΕΛΗ |b 200707 |c ΕΠΕΑΕΚ2/ΤΜΠΕΣ |d ΕΛΕΥΘΕΡΟΥΔΑΚΗΣ | ||
| 970 | |a ΣΙΤΖΙΜΗ |b ΓΙΑΣΕΜΗ |z 2007/08/07 | ||